Il libro dell'amore di Gus & Waldo /

Guardat en:
Dades bibliogràfiques
Autor principal: Fenati, Massimo (Autor)
Format: Llibre
Idioma:italià
Publicat: Milano : TEA, 2008
Etiquetes: Afegir etiqueta
Sense etiquetes, Sigues el primer a etiquetar aquest registre!

MARC

LEADER 00000nam a22000007i 4500
001 IT\ICCU\TO0\1694402
003 ItRI
005 20260115232109.0
008 090120s2008 it |||||| ||||| |||||c
020 |a 9788850217687 
040 |b ita  |c importazione bologna sebina 
041 7 |a ita  |2 ISO-639-2 
100 1 |a Fenati, Massimo  |0 IT\ICCU\TO0V\619767  |4 aut 
245 1 3 |a Il libro dell'amore di Gus & Waldo /  |c Massimo Fenati. 
260 |a Milano :  |b TEA,  |c 2008 
300 |a 1 v. :  |b ill. ;  |c 14 cm. 
942 |2 ddc  |c BK  |n 0 
952 |0 0  |1 0  |4 0  |6 R_741_594000000000000_FEN  |7 0  |9 19991  |a BO  |b BO  |d 2026-01-15  |i 12922  |l 0  |o R 741.594 FEN  |p BO12922  |r 2026-01-15 23:21:09  |w 2026-01-15  |x [Sebina 5] [1 v.]  |y BK  |z 1 v. 
952 |0 0  |1 0  |4 0  |6 R_741_594000000000000_FEN  |7 0  |9 19992  |a BO  |b BO  |d 2026-01-15  |i 15300  |l 0  |o R 741.594 FEN  |p BO15300  |r 2026-01-15 23:21:09  |w 2026-01-15  |x [Sebina 5] [1 v.]  |y BK  |z 1 v. (2. copia) 
999 |c 17041  |d 17041